000 00264nam a2200109Ia 4500
008 200302s9999 xx 000 0 und d
100 _aRoger Yee
245 _aEducational Environments
260 _bVisual Reference Publications, NY
260 _c2002
300 _a282
999 _c4505
_d4505